| 000 | 00584nam a2200181Ia 4500 | ||
|---|---|---|---|
| 003 | GCL | ||
| 008 | 140319s9999 xx 000 0 ara d | ||
| 040 |
_aGCL / _cGCL |
||
| 082 | 0 | 4 |
_aد _b050 |
| 100 | 1 | _aانطونيوس كرم | |
| 245 | 1 | 0 |
_aالعرب امام تحديات التكنولوجيا (عالم المعرفة 59) / _cانطونيوس كرم |
| 300 | _a215 ص | ||
| 490 |
_aعالم المعرفة _v0 |
||
| 650 | 0 | 4 | _aالتكنولوجيا |
| 650 | 0 | 4 | _aالتكنولوجيا والدولة |
| 650 | 0 | 4 | _aالتكنولوجيا والحضارة |
| 942 |
_2ddc _cBK |
||
| 999 |
_c50430 _d50430 |
||